00682nam a2200217 i 450000100060000000300090000600500170001500700030003200800410003510000180007624501090009426000450020330000200024849000330026865000200030165000250032170000390034670000210038583000330040685200250043944847ES-MaACL20250808010842.0t|030324s1971 sp ||||1| spa d1 aClark, Colin.14aLas condiciones del progreso económico / cColin Clark ; versión de Miguel Paredes y José Vergara. a[Madrid] : bAlianza Editorial, c[1971] a2 v. ; c20 cm.1 aAlianza universidad ; v9-10 4aRenta nacional. 7aNivel de vida2embne1 aParedes Marcos, Miguel,d1910-19761 aVergara, José.1 aAlianza universidad ; v9-10 aES-MaACLjC-42436-37